<?xml version="1.0" encoding="UTF-8"?>
<record
    xmlns:xsi="http://www.w3.org/2001/XMLSchema-instance"
    xsi:schemaLocation="http://www.loc.gov/MARC21/slim http://www.loc.gov/standards/marcxml/schema/MARC21slim.xsd"
    xmlns="http://www.loc.gov/MARC21/slim">

  <leader>00759nam a22002177a 4500</leader>
  <controlfield tag="005">20251008170431.0</controlfield>
  <controlfield tag="008">251008b        |||||||| |||| 00| 0 eng d</controlfield>
  <datafield tag="020" ind1=" " ind2=" ">
    <subfield code="a">9789393330994</subfield>
  </datafield>
  <datafield tag="040" ind1=" " ind2=" ">
    <subfield code="c">AIMIT LIBRARY</subfield>
  </datafield>
  <datafield tag="100" ind1=" " ind2=" ">
    <subfield code="a">Das, Shubhabrata.</subfield>
    <subfield code="9">241789</subfield>
  </datafield>
  <datafield tag="245" ind1=" " ind2=" ">
    <subfield code="a">Business analytics :</subfield>
    <subfield code="b">data to decisions /</subfield>
    <subfield code="c">By Shubhabrata Das and Soudeep Deb.</subfield>
  </datafield>
  <datafield tag="250" ind1=" " ind2=" ">
    <subfield code="a">1st ed.</subfield>
  </datafield>
  <datafield tag="260" ind1=" " ind2=" ">
    <subfield code="a">New Delhi :</subfield>
    <subfield code="b">Universities Press ,</subfield>
    <subfield code="c">2026.</subfield>
  </datafield>
  <datafield tag="300" ind1=" " ind2=" ">
    <subfield code="a">xxiii,1098 p.;</subfield>
    <subfield code="b">PB</subfield>
    <subfield code="c">25 cm.</subfield>
  </datafield>
  <datafield tag="650" ind1=" " ind2=" ">
    <subfield code="a">Data representation and descriptive statistics</subfield>
    <subfield code="9">241790</subfield>
  </datafield>
  <datafield tag="650" ind1=" " ind2=" ">
    <subfield code="a">Probability and distributions</subfield>
    <subfield code="9">241791</subfield>
  </datafield>
  <datafield tag="650" ind1=" " ind2=" ">
    <subfield code="a">Continuous prabability distributions</subfield>
    <subfield code="9">241792</subfield>
  </datafield>
  <datafield tag="650" ind1=" " ind2=" ">
    <subfield code="a">Sampling</subfield>
    <subfield code="9">241793</subfield>
  </datafield>
  <datafield tag="700" ind1=" " ind2=" ">
    <subfield code="a">Deb, Soudeep.</subfield>
    <subfield code="9">241794</subfield>
  </datafield>
  <datafield tag="942" ind1=" " ind2=" ">
    <subfield code="2">ddc</subfield>
    <subfield code="c">BK</subfield>
    <subfield code="k">658.4038011 DASS</subfield>
  </datafield>
  <datafield tag="999" ind1=" " ind2=" ">
    <subfield code="c">240526</subfield>
    <subfield code="d">240526</subfield>
  </datafield>
  <datafield tag="952" ind1=" " ind2=" ">
    <subfield code="0">0</subfield>
    <subfield code="1">0</subfield>
    <subfield code="2">ddc</subfield>
    <subfield code="4">0</subfield>
    <subfield code="7">0</subfield>
    <subfield code="8">MBA</subfield>
    <subfield code="a">AIMIT</subfield>
    <subfield code="b">AIMIT</subfield>
    <subfield code="c">BADA</subfield>
    <subfield code="d">2025-10-06</subfield>
    <subfield code="e">Biblios Book Point</subfield>
    <subfield code="g">1450.00</subfield>
    <subfield code="i">Bill no:3933; Bill dt:2025-10-01</subfield>
    <subfield code="l">0</subfield>
    <subfield code="p">MBA15223</subfield>
    <subfield code="r">2025-10-08 17:07:25</subfield>
    <subfield code="v">1160.00</subfield>
    <subfield code="w">2025-10-08</subfield>
    <subfield code="y">BK</subfield>
  </datafield>
  <datafield tag="952" ind1=" " ind2=" ">
    <subfield code="0">0</subfield>
    <subfield code="1">0</subfield>
    <subfield code="2">ddc</subfield>
    <subfield code="4">0</subfield>
    <subfield code="7">0</subfield>
    <subfield code="8">MBA</subfield>
    <subfield code="a">AIMIT</subfield>
    <subfield code="b">AIMIT</subfield>
    <subfield code="c">BADA</subfield>
    <subfield code="d">2025-10-06</subfield>
    <subfield code="e">Biblios Book Point</subfield>
    <subfield code="g">1450.00</subfield>
    <subfield code="i">Bill no:3933; Bill dt:2025-10-01</subfield>
    <subfield code="l">0</subfield>
    <subfield code="p">MBA15224</subfield>
    <subfield code="r">2025-10-08 17:07:25</subfield>
    <subfield code="v">1160.00</subfield>
    <subfield code="w">2025-10-08</subfield>
    <subfield code="y">BK</subfield>
  </datafield>
  <datafield tag="952" ind1=" " ind2=" ">
    <subfield code="0">0</subfield>
    <subfield code="1">0</subfield>
    <subfield code="2">ddc</subfield>
    <subfield code="4">0</subfield>
    <subfield code="7">0</subfield>
    <subfield code="8">MBA</subfield>
    <subfield code="a">AIMIT</subfield>
    <subfield code="b">AIMIT</subfield>
    <subfield code="c">BADA</subfield>
    <subfield code="d">2025-10-06</subfield>
    <subfield code="e">Biblios Book Point</subfield>
    <subfield code="g">1450.00</subfield>
    <subfield code="i">Bill no:3933; Bill dt:2025-10-01</subfield>
    <subfield code="l">0</subfield>
    <subfield code="p">MBA15225</subfield>
    <subfield code="r">2025-10-08 17:07:25</subfield>
    <subfield code="v">1160.00</subfield>
    <subfield code="w">2025-10-08</subfield>
    <subfield code="y">BK</subfield>
  </datafield>
  <datafield tag="952" ind1=" " ind2=" ">
    <subfield code="0">0</subfield>
    <subfield code="1">0</subfield>
    <subfield code="2">ddc</subfield>
    <subfield code="4">0</subfield>
    <subfield code="7">3</subfield>
    <subfield code="8">MBA</subfield>
    <subfield code="a">AIMIT</subfield>
    <subfield code="b">AIMIT</subfield>
    <subfield code="c">BADA</subfield>
    <subfield code="d">2025-10-06</subfield>
    <subfield code="e">Biblios Book Point</subfield>
    <subfield code="g">1450.00</subfield>
    <subfield code="i">Bill no:3933; Bill dt:2025-10-01</subfield>
    <subfield code="l">0</subfield>
    <subfield code="p">MBA15226</subfield>
    <subfield code="r">2025-10-08 17:07:25</subfield>
    <subfield code="v">1160.00</subfield>
    <subfield code="w">2025-10-08</subfield>
    <subfield code="y">BK</subfield>
  </datafield>
</record>
